Brawl Stars: Piper Skins by Picture - Statistics

General Stats
  • This quiz has been taken 82 times
    22 since last reset
  • The average score is 8 of 16
Answer Stats
Picture Answer % Correct
Cupid Piper
87%
Pink Piper
87%
Athena Piper
80%
Lunar Piper
80%
True Gold Piper
80%
True Silver Piper
80%
Mariposa Piper
73%
Choco Piper
60%
Flag Bearer Piper
60%
Calavera Piper
53%
Kasa-obake Piper
27%
Mecha Lotus Piper
27%
Mecha Rose Piper
20%
Mecha Petal Piper
13%
Tsukumogami Piper
7%
Yokai Piper
7%
No matching quizzes found
Score Distribution
Percent of People with Each Score
Percentile by Number Answered
Your Score History
You have not taken this quiz since the last reset